Warmest Cities in the Northeast USA - Statistics

General Stats
  • This quiz has been taken 76 times
  • The average score is 7 of 8
Answer Stats
# Average Annual Temperature (°F) City Population % Correct
4 55°F New York 8,323,340
98%
7 51.5°F Boston 710,195
94%
2 56°F Philadelphia 1,591,800
94%
1 58°F Baltimore 590,479
89%
3 56°F Washington 720,687
84%
6 52°F Pittsburgh 294,860
75%
5 54.5°F Newark 282,862
73%
8 51.5°F Providence 178,901
70%
No matching quizzes found
Score Distribution
Percent of People with Each Score
Percentile by Number Answered
Your Score History
You have not taken this quiz